Trendy v počtoch študentov na Slovenskej poľnohospodárskej univerzite v Nitre
Trendy v počtoch študentov dennej formy štúdia na Slovenskej poľnohospodárskej univerzite v Nitre za roky 2015 až 2024.
Gespeichert in:
| 1. Verfasser: | |
|---|---|
| Weitere Verfasser: | |
| Format: | Buchkapitel |
| Sprache: | Slowakisch |
| Schlagworte: | |
| Tags: |
Keine Tags, Fügen Sie das erste Tag hinzu!
|
MARC
| LEADER | 00000naa a2200000 4500 | ||
|---|---|---|---|
| 001 | 0314500 | ||
| 005 | 20260123101157.6 | ||
| 041 | 0 | |a slo | |
| 044 | |a SK | ||
| 245 | 1 | 0 | |a Trendy v počtoch študentov na Slovenskej poľnohospodárskej univerzite v Nitre |c Tomáš Pechočiak, Eva Pechočiaková |
| 520 | |a Trendy v počtoch študentov dennej formy štúdia na Slovenskej poľnohospodárskej univerzite v Nitre za roky 2015 až 2024. | ||
| 610 | 2 | 0 | |a študenti |
| 610 | 2 | 0 | |a poľnohospodárstvo |
| 610 | 2 | 0 | |a školy vysoké |
| 610 | 2 | 0 | |a školy vysoké odborné |
| 610 | 2 | 0 | |a štatistika |
| 100 | 1 | |a Pechočiak, Tomáš | |
| 700 | 1 | |a Pechočiaková, Eva | |